Průmyslové oblasti 6

Na minha lista:
Detalhes bibliográficos
Formato: Livro
Idioma:tcheco
Publicado em: Ostrava Profil 1979
Tags: Adicionar Tag
Sem tags, seja o primeiro a adicionar uma tag!

MARC

LEADER 00000nam a2200000 4500
001 c139562
005 20041019155316.4
041 0 |a cze 
044 |a CZ 
245 1 0 |a Průmyslové oblasti 6 
264 1 |a Ostrava  |b Profil  |c 1979 
300 |a 333 s.